1413 1218 1936 1335 1679 1806 1278 1259 1866 1942 1554 1815 1177 1026 1248 1882 1344 1028 1465 1766 1752 1060 1887 1621 1449 1984 1974 1574 1680 1300 1640 1590 1282 1265 1982 1892 1602 1763 1272 1241 1948 1725 1023 1072 1900 1632 1555 1524 1839 1585 1820 1553 1429 1911 1700 1424 1378 1569 1448 1106 1014 1887 1959 1407 1199 1618 1469 1441 1487 1601 1505 1835 1173 1285 1046 1968 1128 1630 1264 1886 1029 1482 1675 1396 1275 1348 1021 1663 1588 1816 1338 1695 1638 1555 1362 1365 1945 1890 1770 BCNSPRNW ULIB Ver.6.0+V

เปลี่ยนเป็นภาษาไทย

Change to English
 แสดงรายละเอียดบรรณานุกรม
  กลับหน้าหลัก

Brief Record : Get Marc (ISO 2709) : E-mail record : QR code < ปิดหน้าต่าง
LEADER : 00000nam 2200000uu 4500
001    13399127252
003     ULIB
008    200303s2562||||th 000 0 tha d
020    ^a9786168201039
060    ^aWE855 อ221ต
100    ^aอาศิส อุนนะนันทน์
245    ^aตำรากระดูกข้อสะโพกหักในผู้สูงอายุ = Textbook of hip fracture in the elderly
260    ^aกรุงเทพฯ :^bสำนักพิมพ์ศิริราช คณะแพทยศาสตร์ศิริราชพยาบาล มหาวิทยาลัยมหิดล,^c2562
300    ^a408 หน้า :^bภาพประกอบ ;^c26 ซม.
650    ^aกระดูกหัก -- การรัักษา
650    ^aกระดูก -- โรค -- ผู้สูงอายุ
945    ^p1500^l0^i27938
945    ^p1500^l0^i27939
945    ^p1500^l0^i27940
945    ^p1500^l0^i27941
945    ^p1500^l0^i27942
999    ^aกัณชพร จุลอักษร
รายการนี้ยังไม่มีแท็ก
คุณยังไม่ได้ล็อกอิน คุณสามารถมีกิจกรรมร่วมกับเว็บไซต์ได้ แต่ต้องล็อกอินก่อน ::
  ล็อกอิน

รายการสื่อสารสนเทศ

ลำดับที่ ประเภท เลขเรียก/บาร์โค้ด สถานที่ สถานะ
1. หนังสือสำรอง
หนังสือสำรอง
WE855 อ221ต ฉ.1 
  Barcode: 27938
ห้องสมุดวิทยาเขตนครสวรรค์
►หนังสือทั่วไป:l:General Books
บนชั้น
2. วิทยาศาสตร์การแพทย์ และสุขภาพ
วิทยาศาสตร์การแพทย์ และสุขภาพ
WE855 อ221ต ฉ.2 
  Barcode: 27939
ห้องสมุดวิทยาเขตนครสวรรค์
►หนังสือทั่วไป:l:General Books
บนชั้น
3. วิทยาศาสตร์การแพทย์ และสุขภาพ
วิทยาศาสตร์การแพทย์ และสุขภาพ
WE855 อ221ต ฉ.3 
  Barcode: 27940
ห้องสมุดวิทยาเขตนครสวรรค์
►หนังสือทั่วไป:l:General Books
บนชั้น
4. วิทยาศาสตร์การแพทย์ และสุขภาพ
วิทยาศาสตร์การแพทย์ และสุขภาพ
WE855 อ221ต ฉ.4 
  Barcode: 27941
ห้องสมุดวิทยาเขตนครสวรรค์
►หนังสือทั่วไป:l:General Books
บนชั้น
5. วิทยาศาสตร์การแพทย์ และสุขภาพ
วิทยาศาสตร์การแพทย์ และสุขภาพ
WE855 อ221ต ฉ.5 
  Barcode: 27942
ห้องสมุดวิทยาเขตนครสวรรค์
►หนังสือทั่วไป:l:General Books
บนชั้น

รายการใกล้เคียง
    ชื่อเรื่อง [ตำรากระดูกข้อสะโพกหักในผู้สูงอายุ = Textbook of hip fracture in the elderly]

    ผู้แต่ง [อาศิส อุนนะนันทน์]

    หัวเรื่อง [กระดูกหัก -- การรัักษา]
    หัวเรื่อง [กระดูก -- โรค -- ผู้สูงอายุ]

BibComment


ยังไม่เคยถูกคอมเมนท์

คอมเมนท์ทรัพยากรรายการนี้
  คอมเมนท์: ตำรากระดูกข้อสะโ..


 Copyright 2026. Bcnsprnw @Library